=LDR 00000nam 2200000 4500 =001 INLIS000000000034311 =005 20130612140225 =008 ***********************************ind** =035 ##$$a0010-061300000034311 =041 ##$$a ind =082 ##$$a 813 =090 ##$$a 813, Cre,n =100 ##$$a Creswick, Paul =245 ##$$a Robin hood, Kisah Legendaris Penguasa Shen Wood, Paul Creswick; Penerjemah, Peusy Sharmaya =260 ##$$a 2009 $b Jakarta =300 ##$$a 331 hlm., 21 cm =650 ##$$a Fiksi Indonesia =700 ##$$a Sharmaya, Peusy =850 ##$$a NBPNMAT =990 ##$$a 92959/BPAP-NTB/2014 =990 ##$$a 92960/BPAP-NTB/2014 =990 ##$$a 94183/BPAP-NTB/2014 =990 ##$$a 0001/BPAP-NTB/20142014